Estructura orgànica del Departament de Cultura : edició tancada el 30-4-83 edició tancada el 30-4-83
Descripción Física:
109 p. ; 24 cm
MARC
| LEADER | 00000nam a2200000Ia 4500 | ||
|---|---|---|---|
| 001 | 1523 | ||
| 008 | 160829s1983 xx 000 0 cat d | ||
| 080 | |a M-1-305 | ||
| 110 | 2 | |a Catalunya. |b Departament de Cultura |9 52819 | |
| 245 | |a Estructura orgànica del Departament de Cultura : |b edició tancada el 30-4-83 | ||
| 260 | |a Barcelona : |b Departament de Cultura de la Generalitat de Catalunya, |c 1983 | ||
| 300 | |a 109 p. ; |c 24 cm | ||
| 590 | |a A la part superior de la portada: Secretaria General. Gabinet Tècnic | ||
| 650 | |a Catalunya. Departament de Cultura |x Organització |9 32783 | ||
| 650 | |a Biblioteques |x Dret i legislació |x Catalunya |9 32784 | ||
| 650 | 0 | |a Arxius |x Dret i legislació |z Catalunya |9 32785 | |
| 901 | |a Arxiu | ||
| 942 | |n 1 | ||
| 952 | |0 0 |1 0 |4 0 |6 M1305 |7 1 |9 46096 |a Arxiu |b Arxiu |d 2016-12-01 |l 0 |o M-1-305 |p 1523 |r 2016-12-01 00:00:00 |w 2016-12-01 |y ARXIU | ||
| 999 | |c 49598 |d 49598 | ||